[Event "Sonderjysk EMT C"]
[Site "Sonderborg"]
[Date "2012.03.13"]
[Round "6"]
[White "Jessen, Morten"]
[Black "Clausen, Susan"]
[Result "1-0"]
[WhiteElo "1277"]
[BlackElo "1448"]
[PlyCount "51"]
[EventDate "2012.01.17"]
[EventType "tourn"]
[EventRounds "7"]
[EventCountry "DEN"]
[SourceTitle "EXT 2023"]
[Source "ChessBase"]
[SourceDate "2022.10.05"]
[SourceVersion "1"]
[SourceVersionDate "2022.10.05"]
[SourceQuality "1"]

1. c4 Nf6 2. Nc3 d5 3. cxd5 Nxd5 4. g3 c6 5. Bg2 Nxc3 6. bxc3 Bf5 7. Nf3 e6 8. Nh4 Qf6 9. Nxf5 Qxf5 10. 0-0 Be7 11. Qb3 b5 12. a4 0-0 13. axb5 Nd7 14. Bxc6 Nc5 15. Qb4 a5 16. bxa6 Rac8 17. Bg2 Rb8 18. Bb7 Qf6 19. Qb6 e5 20. Qxf6 Bxf6 21. Bd5 Rfd8 22. a7 Ra8 23. Bxa8 Rxa8 24. Rb1 Na6 25. Rb7 g6 26. Bb2 1-0

[Event "Vojens Sonderjysk C"]
[Site "Vojens"]
[Date "2011.06.06"]
[Round "6"]
[White "Clausen, Susan"]
[Black "Larsen, Finn2"]
[Result "1/2-1/2"]
[WhiteElo "1436"]
[BlackElo "1047"]
[PlyCount "82"]
[EventDate "2011.05.02"]
[EventType "swiss"]
[EventRounds "7"]
[EventCountry "DEN"]
[SourceTitle "EXT 2023"]
[Source "ChessBase"]
[SourceDate "2022.10.05"]
[SourceVersion "1"]
[SourceVersionDate "2022.10.05"]
[SourceQuality "1"]

1. d4 d5 2. e3 e6 3. Nf3 c5 4. b3 cxd4 5. exd4 Nf6 6. Bd3 Bd6 7. c3 Nc6 8. h3 a6 9. 0-0 0-0 10. Be3 h6 11. Nbd2 Bd7 12. Qc2 Qc8 13. Nh4 e5 14. dxe5 Bxe5 15. f4 Bb8 16. f5 Ne5 17. Be2 Re8 18. Bd4 Ba7 19. Bxa7 Rxa7 20. Kh1 d4 21. c4 b6 22. Ne4 Nxe4 23. Qxe4 Nc6 24. Qf3 Ne5 25. Qg3 f6 26. Rad1 Nc6 27. Bf3 Qd8 28. Bd5+ Kh7 29. Ng6 Qc8 30. Qg4 Ne5 31. Nxe5 Rxe5 32. Be4 Qc5 33. Qf3 Bc8 34. g4 Rae7 35. Bd5 b5 36. Rb1 Re3 37. Qg2 Re2 38. Qg3 R7e3 39. Rf3 d3 40. Rd1 Rxf3 41. Qxf3 Re3 1/2-1/2

[Event "Vojens Sonderjysk C"]
[Site "Vojens"]
[Date "2011.05.30"]
[Round "5"]
[White "Clausen, Susan"]
[Black "Kristensen, Karl Martin"]
[Result "1/2-1/2"]
[WhiteElo "1436"]
[BlackElo "1402"]
[PlyCount "60"]
[EventDate "2011.05.02"]
[EventType "swiss"]
[EventRounds "7"]
[EventCountry "DEN"]
[SourceTitle "EXT 2023"]
[Source "ChessBase"]
[SourceDate "2022.10.05"]
[SourceVersion "1"]
[SourceVersionDate "2022.10.05"]
[SourceQuality "1"]

1. d4 d6 2. Nf3 g6 3. e4 Bg7 4. Be3 Nc6 5. c3 h6 6. Nbd2 e5 7. d5 Nce7 8. b4 a6 9. Be2 f5 10. Nb3 fxe4 11. Nfd2 Nf6 12. c4 h5 13. f3 exf3 14. Bxf3 Bg4 15. 0-0 0-0 16. Bg5 Kh7 17. Qe2 Bxf3 18. Rxf3 Qd7 19. h3 Nf5 20. Raf1 Rae8 21. Bxf6 Bxf6 22. g4 Nd4 23. Nxd4 exd4 24. Qg2 Qg7 25. c5 Bg5 26. Rxf8 Rxf8 27. Ne4 Be3+ 28. Kh1 Rxf1+ 29. Qxf1 Qe7 30. Qf3 h4 1/2-1/2